Vista normal
Vista MARC
Entrada Topical Term
Número de registros utilizados en: 1
001 - CONTROL NUMBER
- control field: 15101
003 - CONTROL NUMBER IDENTIFIER
- control field: OSt
005 - DATE AND TIME OF LATEST TRANSACTION
- control field: 20210310220609.0
008 - FIXED-LENGTH DATA ELEMENTS
- fixed length control field: 210310|| aca||aabn | a|a d
040 ## - CATALOGING SOURCE
- Original cataloging agency: OSt
- Transcribing agency: OSt
150 ## - HEADING--TOPICAL TERM
- Topical term or geographic name entry element: #N/A
670 ## - SOURCE DATA FOUND
- Source citation: Work cat.: (OSt): Direccion de Impuesto y Aduanas Nacionales 15099, Declaracion de renta y complementarios o de ingresos y patrimonio para personas juridicas y asimiladas, personas naturales y asimiladas obligadas a llevar contabilidad , 2008